|
|
|
|
| LEADER |
00000nam2a2200000 4500 |
| 001 |
284053 |
| 005 |
20231101235646.0 |
| 020 |
|
|
|a RU
|b 85-4791
|
| 035 |
|
|
|a (RuTPU)RU\TPU\book\308192
|
| 090 |
|
|
|a 284053
|
| 100 |
|
|
|a 20150212g1984 m y0rusy5003 ca
|
| 101 |
0 |
|
|a rus
|
| 102 |
|
|
|a UA
|
| 105 |
|
|
|a a 001zy
|
| 200 |
0 |
|
|a Вып. 2
|
| 210 |
|
|
|d 1984
|
| 215 |
|
|
|a 70 с.
|c ил.
|
| 461 |
|
1 |
|0 (RuTPU)RU\TPU\book\328433
|t Сварные конструкции
|o курс лекций для специалистов сварщиков
|o в 2 ч.
|f В. И. Новиков, В. С. Гиренко
|g Киевский политехнический институт (КПИ), Учебный центр сварки ; Академия наук Украинской ССР (АН УССР), Институт электросварки им. Е. О. Патона (ИЭС)
|v Ч. 2
|d 1984
|
| 606 |
1 |
|
|a Сварные конструкции
|x Технологичность
|2 stltpush
|3 (RuTPU)RU\TPU\subj\53971
|9 72135
|
| 610 |
1 |
|
|a сварные соединения
|
| 610 |
1 |
|
|a усталостная прочность
|
| 610 |
1 |
|
|a элементы
|
| 610 |
1 |
|
|a узлы
|
| 610 |
1 |
|
|a трубчатые конструкции
|
| 610 |
1 |
|
|a многослойные сосуды
|
| 610 |
1 |
|
|a учебные пособия
|
| 675 |
|
|
|a 621.791.01(075.8)
|z rus
|v 3
|
| 801 |
|
0 |
|a RU
|b RuMRKP
|c 19950704
|g psbo
|
| 801 |
|
1 |
|a RU
|b 63413507
|c 20150212
|
| 801 |
|
2 |
|a RU
|b 63413507
|c 20171011
|g RCR
|
| 942 |
|
|
|c BK
|